00816nam a2200217 a 450000100100000000500170001000800410002702000150006804000250008304100130010810000270012124000340014824500840018224600690026626000440033530000350037950400320041470000300044695201050047699900170058100004290720201002040505.0140212s1994 sp ab 001 0 spa d a847979089X aDO-SdBNPbspacBNPHU17aspaheng1 aWright, Ronald,97036510aStolen continents.lEspañol10aContinentes robados /cRonald Wright ; traducido del inglés por Nora Muchnik.14aContinentes robados :bAmérica vista por los indios desde 1942 aMadrid :bAnaya & Mario Muchnik,c1994. a495 p. :bil., mapas ;c24 cm. aBibliografía : p. 439-45912aMuchnik, Noraetr.970366 001050718MOaGRbGRcCTd2014-02-12iLF1l0o p42907-10r2020-06-25w2020-06-25y1ZNo se presta c42396d42396